Radiohead Lyrics With No Hints No.2 - Statistics

General Stats
  • This quiz has been taken 285 times
  • The average score is 67 of 122
Answer Stats
Answer % Correct
I
98%
a
95%
you
89%
You
89%
the
84%
an
77%
in
70%
are
68%
your
67%
am
65%
no
62%
to
61%
I'm
60%
of
58%
You're
57%
all
56%
need
54%
that
53%
who
52%
just
47%
picture
46%
It's
45%
it's
45%
middle
45%
there
44%
animal
40%
ignore
40%
trapped
38%
choose
37%
out
37%
car
36%
get
36%
Lying
36%
lying
36%
days
35%
next
35%
light
34%
waiting
34%
with
34%
insect
33%
hot
32%
trying
32%
because
31%
share
31%
wrong
31%
reeds
30%
wants
30%
alright
29%
moth
28%
night
26%
only
26%
others
26%
act
25%
stick
24%
wings
23%
No matching quizzes found
Score Distribution
Percent of People with Each Score
Percentile by Number Answered
Your Score History
You have not taken this quiz